[Event "FRA-chT U20 16 GP Haute 1011"]
[Site "France"]
[Date "2011.06.12"]
[Round "8"]
[White "Neri, Jean Baptiste"]
[Black "Paci, Nicolas"]
[Result "1-0"]
[WhiteElo "2063"]
[BlackElo "1911"]
[PlyCount "55"]
[EventDate "2010.06.20"]
[EventType "team-tourn"]
[EventRounds "11"]
[EventCountry "FRA"]
[SourceTitle "EXT 2015"]
[Source "ChessBase"]
[SourceDate "2014.11.20"]
[SourceVersion "1"]
[SourceVersionDate "2014.11.20"]
[SourceQuality "1"]
[WhiteTeam "Cannes (U20)"]
[BlackTeam "Mulhouse Philidor (U20)"]
[WhiteTeamCountry "FRA"]
[BlackTeamCountry "FRA"]

1. e4 c5 2. Nf3 e6 3. d4 cxd4 4. Nxd4 Nf6 5. Nc3 Nc6 6. Bg5 Bb4 7. Nxc6 bxc6 8. Bd3 Be7 9. e5 Nd5 10. Bxe7 Qxe7 11. Nxd5 cxd5 12. 0-0 0-0 13. Qh5 g6 14. Qg4 d6 15. f4 dxe5 16. fxe5 f5 17. exf6 Rxf6 18. Rxf6 Qxf6 19. Rf1 Qg7 20. c4 e5 21. Qg5 Bb7 22. cxd5 e4 23. Bc2 Qxb2 24. Bb3 Qg7 25. d6+ Kh8 26. d7 Qd4+ 27. Kh1 e3 28. Qe7 1-0

[Event "FRA-chT U20 0809"]
[Site "Sautron"]
[Date "2009.01.02"]
[Round "4.3"]
[White "Navrotescu, Andreea Cristiana"]
[Black "Paci, Nicolas"]
[Result "1/2-1/2"]
[WhiteElo "1808"]
[BlackElo "1822"]
[PlyCount "128"]
[EventDate "2008.10.??"]
[EventType "team-tourn"]
[EventRounds "11"]
[EventCountry "FRA"]
[SourceTitle "EXT 2010"]
[Source "ChessBase"]
[SourceDate "2010.11.25"]
[SourceVersion "1"]
[SourceVersionDate "2010.11.25"]
[SourceQuality "1"]

1. d4 c5 2. d5 e5 3. c4 d6 4. Nc3 Nf6 5. e4 Be7 6. Nf3 Nbd7 7. Be2 Nf8 8. 0-0 Ng6 9. Re1 0-0 10. Bf1 Bd7 11. g3 a6 12. a4 b6 13. Bg2 Ne8 14. Rf1 Nc7 15. Nd2 Bg5 16. Ne2 Bxd2 17. Bxd2 b5 18. b3 bxc4 19. bxc4 Rb8 20. f4 f6 21. f5 Ne7 22. Rf3 Rb7 23. g4 Qa8 24. g5 Ne8 25. Rh3 g6 26. Ng3 gxf5 27. Qh5 Rf7 28. exf5 fxg5 29. Rf1 Nxf5 30. Be4 Qc8 31. Bxg5 h6 32. Nxf5 Bxf5 33. Bxf5 Rxf5 34. Rxf5 Ng7 35. Qg4 Qxf5 36. Qxf5 Nxf5 37. Bd2 Rg7+ 38. Kf2 Rg4 39. Rf3 Nh4 40. Rg3 Rg7 41. Bxh6 Rxg3 42. hxg3 Nf5 43. Bd2 Kg7 44. g4 Nd4 45. Ke3 Kg6 46. Ke4 Nb3 47. Be3 Nd4 48. Bd2 Nb3 49. Be3 Na5 50. Kd3 Nb7 51. Bd2 Nd8 52. Ke4 Nf7 53. Bc1 Ng5+ 54. Ke3 Nh7 55. Kf3 Nf6 56. Bd2 Nd7 57. a5 Nf8 58. Ke4 Nh7 59. Kf3 Nf6 60. Bc1 Nh7 61. Bd2 Ng5+ 62. Ke3 Nh3 63. Kf3 Ng1+ 64. Kf2 Nh3+ 1/2-1/2

[Event "FRA-ch U10"]
[Site "Le Grand Bornand"]
[Date "2007.04.??"]
[Round "5"]
[White "Paci, Nicolas"]
[Black "Ringuet, Noe"]
[Result "1/2-1/2"]
[WhiteElo "1840"]
[BlackElo "1640"]
[PlyCount "90"]
[EventDate "2007.04.07"]
[EventType "swiss"]
[EventRounds "9"]
[EventCountry "FRA"]
[SourceTitle "CBM 118 Extra"]
[Source "ChessBase"]
[SourceDate "2007.07.04"]
[SourceVersion "1"]
[SourceVersionDate "2007.07.04"]
[SourceQuality "1"]

1. e4 e6 2. Nf3 d5 3. e5 c5 4. b4 cxb4 5. a3 Nc6 6. axb4 Bxb4 7. c3 Be7 8. d4 f6 9. Bd3 fxe5 10. Nxe5 Nf6 11. Nxc6 bxc6 12. 0-0 Qc7 13. Nd2 0-0 14. Nf3 Bd6 15. Ba3 Bxa3 16. Rxa3 c5 17. Qc2 c4 18. Be2 a5 19. Rfa1 Bd7 20. Ne5 Bb5 21. f3 Nd7 22. Nxd7 Bxd7 23. Qa2 Rfb8 24. Bd1 Ra7 25. Ba4 Bxa4 26. Rxa4 Rb5 27. Rb1 Qb6 28. Rxb5 Qxb5 29. Kf2 Qb3 30. Qa1 Qb6 31. f4 Kf7 32. g3 Ke8 33. Ke3 Kd7 34. Kd2 Kc6 35. Qa3 Qb3 36. Qc5+ Kb7 37. Qe7+ Ka8 38. Qc5 Kb7 39. Qe7+ Ka8 40. Qc5 Qb2+ 41. Kd1 Qb1+ 42. Ke2 Qd3+ 43. Kf2 Qd2+ 44. Kg1 Qe1+ 45. Kg2 Qe2+ 1/2-1/2

[Event "FRA-chT U20a 0405"]
[Site "France"]
[Date "2005.05.15"]
[Round "10.10"]
[White "Paci, Nicolas"]
[Black "Chau, Alexandre"]
[Result "1-0"]
[WhiteElo "1510"]
[BlackElo "1100"]
[PlyCount "75"]
[EventDate "2004.11.19"]
[EventType "team"]
[EventRounds "11"]
[EventCountry "FRA"]
[SourceTitle "EXT 2006"]
[Source "ChessBase"]
[SourceDate "2005.11.24"]
[SourceVersion "1"]
[SourceVersionDate "2005.11.24"]
[SourceQuality "1"]

1. e4 e6 2. d4 c5 3. c3 cxd4 4. cxd4 d5 5. Nd2 Bb4 6. e5 f6 7. exf6 Qxf6 8. Ngf3 Nc6 9. Bb5 Nge7 10. 0-0 Bxd2 11. Bxd2 0-0 12. Bc3 Nf5 13. Bxc6 bxc6 14. Ne5 Bb7 15. Nd7 Qh6 16. Nxf8 Rxf8 17. Re1 Nd6 18. Bb4 Rd8 19. Bxd6 Rxd6 20. Rc1 Rd7 21. Qg4 Re7 22. Qg3 Qf6 23. Qe5 Qh6 24. Qd6 Bc8 25. Qd8+ Kf7 26. Qxc8 e5 27. Qf5+ Kg8 28. dxe5 Rf7 29. Qc8+ Rf8 30. Qxc6 Qxc6 31. Rxc6 d4 32. g3 d3 33. Rd6 Rb8 34. b3 Rb5 35. e6 Rb6 36. Rxb6 axb6 37. e7 h6 38. e8Q+ 1-0

[Event "FRA-chT U20 0304"]
[Site "France"]
[Date "2004.05.01"]
[Round "9"]
[White "Moussard, Jules"]
[Black "Paci, Nicolas"]
[Result "1/2-1/2"]
[WhiteElo "1930"]
[BlackElo "1340"]
[PlyCount "66"]
[EventDate "2003.11.??"]
[EventType "team"]
[EventRounds "11"]
[EventCountry "FRA"]
[SourceTitle "EXT 2005"]
[Source "ChessBase"]
[SourceDate "2004.11.15"]
[SourceVersion "1"]
[SourceVersionDate "2004.11.15"]
[SourceQuality "1"]
[WhiteTeam "Paris NAO"]
[BlackTeam "Mulhouse"]
[WhiteTeamCountry "FRA"]
[BlackTeamCountry "FRA"]

1. e4 c5 2. Nf3 d6 3. d4 cxd4 4. Nxd4 Nf6 5. Nc3 e6 6. Be2 Be7 7. 0-0 0-0 8. Be3 Nc6 9. Nb3 a6 10. f4 Qc7 11. g4 Rd8 12. g5 Nd7 13. Bf3 b5 14. Qe2 Bb7 15. Qg2 Rac8 16. f5 Nde5 17. f6 Bf8 18. fxg7 Bxg7 19. Bh5 Rf8 20. Rad1 Nc4 21. Bf4 Rcd8 22. Qg3 N6e5 23. Rb1 b4 24. Ne2 Bxe4 25. Ned4 Qb6 26. Qf2 Nc6 27. Nxc6 Qxc6 28. Bd2 Nxd2 29. Nxd2 Qxc2 30. Bxf7+ Kh8 31. Qe3 Bd5 32. g6 Qc5 33. Qxc5 dxc5 1/2-1/2

[Event "FRA-chT U20 0304"]
[Site "France"]
[Date "2004.04.30"]
[Round "8"]
[White "Hallope, Arnaud"]
[Black "Paci, Nicolas"]
[Result "1-0"]
[WhiteElo "1350"]
[BlackElo "1340"]
[PlyCount "89"]
[EventDate "2003.11.??"]
[EventType "team"]
[EventRounds "11"]
[EventCountry "FRA"]
[SourceTitle "EXT 2005"]
[Source "ChessBase"]
[SourceDate "2004.11.15"]
[SourceVersion "1"]
[SourceVersionDate "2004.11.15"]
[SourceQuality "1"]
[WhiteTeam "Sautron"]
[BlackTeam "Mulhouse"]
[WhiteTeamCountry "FRA"]
[BlackTeamCountry "FRA"]

1. e4 c5 2. Nf3 d6 3. d4 cxd4 4. Nxd4 Nf6 5. Nc3 e6 6. Be3 Be7 7. f3 0-0 8. Qd2 Nc6 9. 0-0-0 a6 10. g4 d5 11. exd5 Nxd5 12. Nxd5 Qxd5 13. Nxc6 Qxc6 14. Be2 b5 15. h4 Bb7 16. Qd7 Rac8 17. c3 Rc7 18. Qxc6 Bxc6 19. Rd2 Bb7 20. Kb1 b4 21. cxb4 Bxb4 22. Rd4 Bc5 23. Rc4 Rfc8 24. Bxc5 Rxc5 25. Rxc5 Rxc5 26. Rc1 Rxc1+ 27. Kxc1 Kf8 28. Kd2 Ke7 29. a4 Kd6 30. b4 Kc6 31. b5+ axb5 32. axb5+ Kd5 33. Ke3 e5 34. Bd3 Ke6 35. Bf5+ Kf6 36. Be4 Bxe4 37. Kxe4 Ke6 38. b6 Kd6 39. b7 Kc7 40. Kxe5 Kxb7 41. Kd6 Kb6 42. Ke7 Kc5 43. Kxf7 Kd4 44. Kxg7 Ke3 45. Kxh7 1-0

[Event "FRA-chT U20 0304"]
[Site "France"]
[Date "2003.11.23"]
[Round "3"]
[White "Paci, Nicolas"]
[Black "Neuhauser, Salome"]
[Result "1-0"]
[WhiteElo "1340"]
[BlackElo "1460"]
[PlyCount "77"]
[EventDate "2003.11.??"]
[EventType "team"]
[EventRounds "11"]
[EventCountry "FRA"]
[SourceTitle "EXT 2005"]
[Source "ChessBase"]
[SourceDate "2004.11.15"]
[SourceVersion "1"]
[SourceVersionDate "2004.11.15"]
[SourceQuality "1"]
[WhiteTeam "Mulhouse"]
[BlackTeam "Vandoeuvre"]
[WhiteTeamCountry "FRA"]
[BlackTeamCountry "FRA"]

1. e4 e5 2. Nf3 Nc6 3. Bc4 Bc5 4. 0-0 Nf6 5. d3 d6 6. Be3 Bg4 7. Kh1 d5 8. exd5 Nxd5 9. Bxc5 Qd7 10. Nbd2 Nf6 11. Qe1 0-0-0 12. Nxe5 Nxe5 13. Qxe5 Rhe8 14. Qg5 Kb8 15. Qxg7 Qf5 16. Be3 Rg8 17. Qxf7 Rd7 18. Qxg8+ Nxg8 19. Bxg8 Rg7 20. Bb3 Qb5 21. f3 Bc8 22. a4 Qe8 23. Rfe1 Qg6 24. g3 Qh5 25. g4 Qh3 26. Bd4 Rg5 27. Re5 Rg6 28. Rh5 Qxf3+ 29. Nxf3 Bxg4 30. Ne5 Bxh5 31. Nxg6 Bxg6 32. Rf1 b6 33. Bd5 c5 34. Rf8+ Kc7 35. Be5+ Kd7 36. Rg8 Ke7 37. Rg7+ Kf8 38. Rxa7 Be8 39. Bd6# 1-0